Товароведение и экспертиза однородных групп товаров (раздел "Молочно-жировые товары") (Запись № 10059791)

Подробности
000 -МАРКЕР
контрольное поле 02689nam0a2200397 4500
001 - ИДЕНТИФИКАТОР ЗАПИСИ
контрольное поле RU\NLR\BIBL_A\010779470
005 - ИДЕНТИФИКАТОР ВЕРСИИ
контрольное поле 20250614100024.0
010 ## - МЕЖДУНАРОДНЫЙ СТАНДАРТНЫЙ НОМЕР КНИГИ (ISBN)
Номер (ISBN) 978-5-93932-800-5
Тираж 100
021 ## - НОМЕР ГОСУДАРСТВЕННОЙ РЕГИСТРАЦИИ
Код страны Российская Федерация
Номер 2015-34601
Номер Листа государственной регистраци 2039
035 ## - ДРУГИЕ СИСТЕМНЫЕ НОМЕРА
Идентификатор записи (NILC)RuMoRGB-007925634
035 ## - ДРУГИЕ СИСТЕМНЫЕ НОМЕРА
Идентификатор записи (NLR Aleph) 010779470
100 ## - ДАННЫЕ ОБЩЕЙ ОБРАБОТКИ
Данные общей обработки 20150609d2015 |||y0rusy50 ca
101 0# - ЯЗЫК РЕСУРСА
Язык текста, звукозаписи и т.д. русский
102 ## - СТРАНА ПУБЛИКАЦИИ ИЛИ ПРОИЗВОДСТВА
Страна публикации Российская Федерация
105 ## - ПОЛЕ КОДИРОВАННЫХ ДАННЫХ: ТЕКСТОВЫЕ МАТЕРИАЛЫ, МОНОГРАФИЧЕСКИЕ
Кодированные данные о монографическом текстовом документе a|||j|||000yy
200 1# - ЗАГЛАВИЕ И СВЕДЕНИЯ ОБ ОТВЕТСТВЕННОСТИ
Основное заглавие Товароведение и экспертиза однородных групп товаров (раздел "Молочно-жировые товары")
Сведения, относящиеся к заглавию лабораторный практикум для высшего профессионального образования
Первые сведения об ответственности Е. Н. Демина, О. В. Сафронова
Последующие сведения об ответственности М-во образования и науки Российской Федерации, Федеральное гос. бюджетное образовательное учреждение высш. проф. образования "Гос. ун-т - учебно-научно-производственный комплекс"
210 ## - ПУБЛИКАЦИЯ, РАСПРОСТРАНЕНИЕ И ДР.
Место издания, распространения и т.д. Орёл
Имя издателя, распространителя и т. д. Гос. ун-т - учебно-научно-производственный комплекс
Дата издания, распространения и т.д. 2015
215 ## - ФИЗИЧЕСКАЯ ХАРАКТЕРИСТИКА
Специфическое обозначение материала и объем 139 с.
Другие сведения о физической характеристике табл.
Размеры 21
320 ## - ПРИМЕЧАНИЯ О НАЛИЧИИ В ДОКУМЕНТЕ БИБЛИОГРАФИИ / УКАЗАТЕЛЯ
Текст примечания Библиогр.: с. 139 (10 назв.)
606 1# - НАИМЕНОВАНИЕ ТЕМЫ КАК ПРЕДМЕТ
Наименование темы Молочные продукты
Формальный подзаголовок Учебные издания для высших учебных заведений
Тематический подзаголовок Качество
-- Лабораторная практика
Системный номер авторитетной/нормативной записи 2612559
Идентификатор авторитетной/нормативной записи RU\NLR\AUTH\661549117
606 1# - НАИМЕНОВАНИЕ ТЕМЫ КАК ПРЕДМЕТ
Наименование темы Молочные продукты
Формальный подзаголовок Учебные издания для высших учебных заведений
Тематический подзаголовок Товароведение
-- Лабораторная практика
Системный номер авторитетной/нормативной записи 2612560
Идентификатор авторитетной/нормативной записи RU\NLR\AUTH\661549118
606 1# - НАИМЕНОВАНИЕ ТЕМЫ КАК ПРЕДМЕТ
Наименование темы Жиры и масла
Формальный подзаголовок Учебные издания для высших учебных заведений
Тематический подзаголовок Качество
-- Лабораторная практика
Системный номер авторитетной/нормативной записи 2263344
Идентификатор авторитетной/нормативной записи RU\NLR\AUTH\6601586623
606 1# - НАИМЕНОВАНИЕ ТЕМЫ КАК ПРЕДМЕТ
Наименование темы Жиры и масла
Формальный подзаголовок Учебные издания для высших учебных заведений
Тематический подзаголовок Товароведение
-- Лабораторная практика
Системный номер авторитетной/нормативной записи 2263343
Идентификатор авторитетной/нормативной записи RU\NLR\AUTH\6601586622
686 1# - ИНДЕКСЫ ДРУГИХ КЛАССИФИКАЦИЙ
Индекс Л95-9я73-5
686 1# - ИНДЕКСЫ ДРУГИХ КЛАССИФИКАЦИЙ
Индекс Л95-106я73-5
686 1# - ИНДЕКСЫ ДРУГИХ КЛАССИФИКАЦИЙ
Индекс Л782-9я73-5
686 1# - ИНДЕКСЫ ДРУГИХ КЛАССИФИКАЦИЙ
Индекс Л782-106я73-5
700 #1 - ИМЯ ЛИЦА - ПЕРВИЧНАЯ ОТВЕТСТВЕННОСТЬ
Начальный элемент ввода Демина
Часть имени, кроме начального элемента ввода Е. Н.
Расширение инициалов личного имени Екатерина Николаевна
701 #1 - ИМЯ ЛИЦА - АЛЬТЕРНАТИВНАЯ ОТВЕТСТВЕННОСТЬ
Начальный элемент ввода Сафронова
Часть имени, кроме начального элемента ввода О. В.
Расширение инициалов личного имени Оксана Викторовна
801 #0 - ИСТОЧНИК ЗАПИСИ
Страна Российская Федерация
Организация РГБ
Дата составления 20150506
Правила каталогизации RCR
942 ## - ДОПОЛНИТЕЛЬНЫЕ ЭЛЕМЕНТЫ ЗАПИСИ (АБИС)
Тип экземпляра АБИС Книга
980 ## - КОЛЛЕКЦИЯ
Название коллекции НБР
980 ## - КОЛЛЕКЦИЯ
Название коллекции Национальная библиография
Экземпляры
Тип экземпляра Дата поступления Источник поступления Стоимость Библиотека постоянного хранения Библиотека текущего хранения Место хранения Шифр хранения Штрих-код Статус экземпляра
Книга 09.06.2015 Обязательный экземпляр 0.00 РНБ (Московский) РНБ (Московский) Русский книжный фонд: издания с 1957 года 2015-3/18735 1-992269  
Книга 09.06.2015 Обязательный экземпляр 0.00 РНБ (Московский) РНБ (Московский) Русский книжный фонд: издания с 1957 года 2015-3/18735 1-992273